| LEADER : 00000nam 2200000uu 4500 |
| 001 13399129195 |
| 003 ULIB |
| 008 260511s2568||||th 000 0 tha d |
| 020 ^a9786166235555
|
| 060 4 ^aWY157^bบ668ส
|
| 100 0 ^aบุศรา แสงสว่าง
|
| 245 1 ^aสตรีที่มีภาวะเสี่ยงในระยะตั้งครรภ์ : การพยาบาลในระยะตั้งครรภ์ ระยะคลอด และระยะหลังคลอด =^bHigh-risk women in pregnancy : nursing care during pregnancy, delivery and postpartum period /^cบุศรา แสงสว่าง
|
| 246 3 ^aการพยาบาลในระยะตั้งครรภ์ ระยะคลอด และระยะหลังคลอด
|
| 246 3 ^aHigh-risk women in pregnancy : nursing care during pregnancy, delivery and postpartum period
|
| 246 3 ^aHigh-risk women in pregnancy :^bnursing care during pregnancy, delivery and postpartum period.
|
| 250 ^aพิมพ์ครั้งที่ 1.
|
| 260 ^aกรุงเทพฯ :^bจุฬาลงกรณ์มหาวิทยาลัย,^c2568
|
| 300 ^a220 หน้า
|
| 505 2 ^aบทนำ ภาวะเสี่ยงในระยะตั้งครรภ์และการประเมิน -- บทที่ 1 การพยาบาลสตรีที่มีการตั้งครรภ์วัยรุ่น -- บทที่ 2 การพยาบาลสตรีที่มีการตั้งครรภ์อายุมาก -- บทที่ 3 การพยาบาลสตรีที่มีการตั้งครรภ์ไม่พึงประสงค์ -- บทที่ 4 การพยาบาลสตรีที่ถูกกระทำความรุนแรงในขณะตั้งครรภ์ -- บทที่ 5 การพยาบาลสตรีที่มีการใช้สารเสพติดในขณะตั้งครรภ์ -- บทที่ 6 การพยาบาลสตรีที่มีภาวะทารกตายในครรภ์ -- บทที่ 7 การพยาบาลสตรีที่มีภาวะทารกในครรภ์มีความผิดปกติ.
|
| 610 ^aaการพยาบาลมารดาทารกและการผดุงครรภ์.
|
| 650 4 ^aการตั้งครรภ์
|
| 650 4 ^aการตั้งครรภ์^xภาวะแทรกซ้อน
|
| 650 4 ^aการผดุงครรภ์.
|
| 650 4 ^aการพยาบาลสูติศาสตร์.
|
| 650 4 ^aเขตพัฒนาพิเศษภาคตะวันออก (อีอีซี).
|
| 650 4 ^aครรภ์^xการพยาบาล
|
| 650 4 ^aพยาบาลผดุงครรภ์.
|
| 650 4 ^aภาวะแทรกซ้อนขณะตั้งครรภ์
|
| 650 4 ^aสตรีมีครรภ์
|
| 650 4 ^aสตรีมีครรภ์^xการพยาบาล
|
| 650 4 ^aอุตสาหกรรมการแพทย์ครบวงจร.
|
| 653 ^aSDG3.
|
| 653 ^aSDGs.
|
| 654 ^aNursing
|
| 654 ^aการพยาบาลมารดาทารกและการผดุงครรภ์
|
| 655 4 ^aHealth Sciences Branch.
|
| 695 ^aHealth Sciences.
|
| 999 ^aประนอม เกษจรัล
|